The S.A. Estate Agent (Record no. 119039)

MARC details
000 -LEADER
fixed length control field 00490cas a22001815a 4500
001 - CONTROL NUMBER
control field L138796
008 - FIXED-LENGTH DATA ELEMENTS--GENERAL INFORMATION
fixed length control field 070711c1975 sa qr p 0 a0eng u
035 ## - SYSTEM CONTROL NUMBER
System control number (Sirsi) u138796
041 1# - LANGUAGE CODE
Language code of text/sound track or separate title eng
Language code of summary or abstract afr
110 2# - MAIN ENTRY--CORPORATE NAME
Corporate name or jurisdiction name as entry element Institute of Estate Agents of South Africa
9 (RLIN) 5264
245 04 - TITLE STATEMENT
Title The S.A. Estate Agent
260 ## - PUBLICATION, DISTRIBUTION, ETC.
Place of publication, distribution, etc. Johannesburg
Name of publisher, distributor, etc. IEASA
Date of publication, distribution, etc. [1975]-
362 0# - DATES OF PUBLICATION AND/OR SEQUENTIAL DESIGNATION
Dates of publication and/or sequential designation (2) December 1975-(18) December 1979
554 ## -
-- Four per year
651 #4 - SUBJECT ADDED ENTRY--GEOGRAPHIC NAME
Geographic name South Africa
690 ## - LOCAL SUBJECT ADDED ENTRY--TOPICAL TERM (OCLC, RLIN)
Topical term or geographic name as entry element PROPERTY
942 ## - ADDED ENTRY ELEMENTS (KOHA)
Suppress in OPAC 0
Holdings
Withdrawn status Lost status Source of classification or shelving scheme Damaged status Not for loan Home library Current library Shelving location Date acquired Total Checkouts Full call number Barcode Date last seen Price effective from Koha item type
    Dewey Decimal Classification     London London Basement 11/07/2007   SA ESTATE AGENT 138796-1001 06/08/2019 06/08/2019 Journal